书目信息 |
| 题名: |
三国史话
|
|
| 作者: | 吕思勉 著 | |
| 分册: | ||
| 出版信息: | 南京 译林出版社 2016 |
|
| 页数: | 165页 | |
| 开本: | 24cm | |
| 丛书名: | ||
| 单 册: | ||
| 中图分类: | K236.07 | |
| 科图分类: | ||
| 主题词: | 三国时代--san guo shi dai--历史--研究 | |
| 电子资源: | ||
| ISBN: | 978-7-5447-5983-0 | |
| 000 | 00783nam0 22002411 450 | |
| 001 | 1752544922 | |
| 005 | 20170602161239.0 | |
| 010 | @a978-7-5447-5983-0@b精装@dCNY25.00 | |
| 100 | @a20160216d2016 em y0chiy50 ea | |
| 101 | 0 | @achi |
| 102 | @aCN@b320000 | |
| 105 | @aa z 000yy | |
| 106 | @ar | |
| 200 | 1 | @a三国史话@Asan guo shi hua@f吕思勉著 |
| 210 | @a南京@c译林出版社@d2016 | |
| 215 | @a165页@c图@d24cm | |
| 300 | @a吕思勉文集 | |
| 330 | @a本书包括宦官、历史和文学、董卓的扰乱、曹操是怎样强起来的、刘备取益州和孙权取荆州、孙吴为什么要建都南京、司马氏之兴亡等内容。 | |
| 606 | 0 | @a三国时代@Asan guo shi dai@x历史@x研究 |
| 690 | @aK236.07@v5 | |
| 701 | 0 | @a吕思勉@Alv si mian@f(1884~1957)@4著 |
| 801 | 0 | @aCN@bTANG WEI@c20170527 |
| 905 | @b0971243-7@dK236.07@e84@f5 | |
| 三国史话/吕思勉著 .-南京:译林出版社,2016 |
| 165页:图;24cm |
| 吕思勉文集 |
| ISBN 978-7-5447-5983-0(精装):CNY25.00 |
| 本书包括宦官、历史和文学、董卓的扰乱、曹操是怎样强起来的、刘备取益州和孙权取荆州、孙吴为什么要建都南京、司马氏之兴亡等内容。 |
| ● |
| 相关链接 |
|
|
|
|
正题名:三国史话
索取号:K236.07/84
 
预约/预借
| 序号 | 登录号 | 条形码 | 馆藏地/架位号 | 状态 | 备注 |
| 1 | 0971243 | 209712435 | 第二样本阅览室/ [索取号:K236.07/84] | 在馆 | |
| 2 | 0971244 | 209712444 | 密集书库-史法系/ [索取号:K236.07/84] | 在馆 | |
| 3 | 0971245 | 209712453 | 第二借阅区/ [索取号:K236.07/84] | 在馆 | |
| 4 | 0971246 | 209712462 | 密集书库-史法系/ [索取号:K236.07/84] | 在馆 | |
| 5 | 0971247 | 209712471 | 第二借阅区/ [索取号:K236.07/84] | 在馆 |